00414nam a22001337a 4500020001800000040000900018082001700027100002100044110002000065245006600085250001600151260004700167650006600214 a9781566764339 cNust a620.118bCAR aLeif A. Carlsson aR. Bayron Pipes aExperimental Characterization of advanced Composite Materials a2nd Edition aUSA:bTechnomic Publishing Company,c1997. aExperimental Characterization of advanced Composite Materials